01451ngm a2200373 a 450000500170000000800370001704100080005408200170006224501100007925000180018930000780020749000460028550000460033165000250037765000490040265000770045170000350052870000470056370000360061070000310064670000360067770000400071370000400075370000330079370000330082670000360085994200130089526400310090833600270093933700330096633800280099904000350102799900150106220220317001835.0170410s2013 c g 000 0 s aMUL04a791.437bO7700aOtras 10 grandes películas de la historia del cinebla escogencia de los críticoshvideodisco digital a1a. edición a6 DVD (120 minutos cada uno)bsonido, en blanco y negro y en colorc12 cm aCine club películas para coleccionistas aPelículas con subtítulos en español142LEMBaCinevHistoria142LEMBaCine e historiavVideodiscosySiglo XX142LEMBaPelículas cinematográficasvColeccionesvVideodiscosySiglo XX1 aRenoir, Jeand1894-19799778031 aMurnau, Friedich Wilhelmd1898-19319778041 aWilder, Billyd1906-20029778051 aGodard, Jeand1930-9778061 aOzu, Yasuhirod1905-19869778071 aFellini, Federicod1920-19939778081 aHitchcock, Alfredd1899-19809709861 aVigo, Jeand1905-19349778091 aFord, Johnd1894-19739716511 aWelles, Orsond1915-1985971653 2ddccDVD aBogotábEjd Moviesc2013 atextobtxt2rdacontent asin mediaciónbn2rdamedia avolumenbnc2rdacarrier aCO-BoRNBPbspaerdacCO-BoRNBP c8272d8272